| 000 | 01002cam a22003137a 4500 | ||
|---|---|---|---|
| 003 | CHAP | ||
| 005 | 20220329141654.0 | ||
| 008 | 971013s1984 r 00010 d | ||
| 010 | _a71967 | ||
| 011 | _a72939 | ||
| 035 | _a82496 | ||
| 040 | _cCHAP | ||
| 082 |
_a332.4 _bD42y |
||
| 100 | 0 | 0 |
_aDe Brunhoff, Suzanne. _931385 |
| 245 | 1 | 3 |
_aLa política monetaria _b: un ensayo de interpretacion marxista |
| 250 | _a4 ed. | ||
| 260 |
_aMéxico, D.F. : _bSiglo XXI, _c1984 |
||
| 300 | _a182 p. | ||
| 590 |
_aBATCH-UPD _b10 _c20130110 _lUCH01 _h0555 |
||
| 590 |
_aBATCH-UPD _b10 _c20130410 _lUCH01 _h0237 |
||
| 590 |
_aBATCH-UPD _b10 _c20130914 _lUCH01 _h1113 |
||
| 590 |
_aCONVERSION _b10 _c20130109 _lUCH01 _h1339 |
||
| 650 | 1 | 4 |
_aCuestión monetaria. _930120 |
| 650 | 1 | 4 |
_aMarxismo. _972728 |
| 901 | _aBK | ||
| 942 | _cLIBRO | ||
| 949 |
_a332.4 D42y _bBC _cLIBRO _d-36583 _eLIBRO _gI.c/e _h67099 _i82496 _si _t490.00 |
||
| 949 |
_a332.4 D42y _bBC _cLIBRO _d33724000336335 _eLIBRO _fc.2 _gI.c/e _h67100 _i82496 _si _t490.00 |
||
| 999 |
_c71967 _d71967 |
||